Teorie přenosu zpráv

Gespeichert in:
Bibliographische Detailangaben
1. Verfasser: Šebesta, Vladimír (Verfasst von)
Format: Buch
Sprache:Tschechisch
Veröffentlicht: Brno : Vysoké učení technické v Brně, 1986
Ausgabe:1. vyd.
Tags: Tag hinzufügen
Keine Tags, Fügen Sie das erste Tag hinzu!

MARC

LEADER 00000nam a22000003a 4500
001 stu25567
005 20150617225743.0
008 980514s1986------------------------cze-d
040 |a STU  |b slo 
041 0 |a cze 
100 1 |a Šebesta, Vladimír  |4 aut 
245 1 |a Teorie přenosu zpráv 
250 |a 1. vyd. 
260 |a Brno :  |b Vysoké učení technické v Brně,  |c 1986 
300 |a 152 s 
996 |b 284ES17422  |c E*S-27640  |l EE01  |s A  |a 24  |w stu25567_0002 
996 |b 284ES17419  |c E*S-27641  |l EE01  |s A  |a 24  |w stu25567_0003 
996 |b 284ES17418  |c E*S-27644  |l EE01  |s A  |a 24  |w stu25567_0006 
996 |b 284ES17420  |c E*S-27645  |l EE01  |s A  |a 24  |w stu25567_0007